| 000 | 00394nam a22001337a 4500 | ||
|---|---|---|---|
| 008 | 140113b xxu||||| |||| 00| 0 eng d | ||
| 050 | _aD756.H412 | ||
| 100 |
_aHay, Ian _96551 |
||
| 245 | _aThe Battle of Flanders 1940 | ||
| 260 |
_aLondon _bHis Majesty's Stationery Office _c1940 |
||
| 300 |
_a63p. _c21cm |
||
| 650 |
_aWorld War 1939-1945 - Flanders (Belgium) _96552 |
||
| 942 |
_2lcc _cMONOGRAPH |
||
| 999 |
_c119533 _d119533 |
||